Quotations @ months and days (Record no. 9388)
[ view plain ]
| 000 -LEADER | |
|---|---|
| fixed length control field | 00442cam a2200193ua 4500 |
| 001 - CONTROL NUMBER | |
| control field | 10408 |
| 005 - DATE AND TIME OF LATEST TRANSACTION | |
| control field | 20260515114623.0 |
| 008 - FIXED-LENGTH DATA ELEMENTS--GENERAL INFORMATION | |
| fixed length control field | 190128n ii |||gr||||Z||||||eng |
| 020 ## - INTERNATIONAL STANDARD BOOK NUMBER | |
| International Standard Book Number | 9788183481458 |
| 040 ## - CATALOGING SOURCE | |
| Transcribing agency | MAIN |
| 041 ## - LANGUAGE CODE | |
| Language code of text/sound track or separate title | eng |
| 082 ## - DEWEY DECIMAL CLASSIFICATION NUMBER | |
| Classification number | 080 |
| 100 ## - MAIN ENTRY--PERSONAL NAME | |
| Personal name | Dharmendra Mittal, |
| Relator term | Author. |
| 245 ## - TITLE STATEMENT | |
| Title | Quotations @ months and days |
| 260 ## - PUBLICATION, DISTRIBUTION, ETC. | |
| Place of publication, distribution, etc. | Meerut: |
| Name of publisher, distributor, etc. | Arihant. |
| 300 ## - PHYSICAL DESCRIPTION | |
| Extent | 208p. |
| 653 ## - INDEX TERM--UNCONTROLLED | |
| Uncontrolled term | General collections |
| 942 ## - ADDED ENTRY ELEMENTS (KOHA) | |
| Koha item type | Books |
| Withdrawn status | Lost status | Damaged status | Not for loan | Home library | Current library | Shelving location | Date acquired | Total checkouts | Full call number | Barcode | Date last seen | Copy number | Price effective from | Koha item type |
|---|---|---|---|---|---|---|---|---|---|---|---|---|---|---|
| Naharkatiya College Library | Naharkatiya College Library | General stacks | 09/19/2020 | 080 | MIT | 25286 | 09/19/2020 | 1 | 09/19/2020 | Books |